000 00317nam a22001457a 4500
003 OSt
005 20170105103446.0
008 131203t xxu||||| |||| 00| 0 eng d
020 _a0-12-455851-8
040 _cASAB
100 _aMichael T Lotze
_9381
245 _aDendritic Cells
250 _a2nd Ed.
942 _2ddc
_cBK
999 _c16651
_d16651